100 Most Populous Cities in Post-Soviet Countries With Exceptions - Statistics

General Stats
  • This quiz has been taken 64 times
  • The average score is 32 of 100
Answer Stats
Population Post-Soviet Country City % Correct
2,950,000 Ukraine Kiev
100%
2,000,000 Belarus Minsk
97%
621,000 Latvia Riga
93%
2,350,000 Uzbekistan Tashkent
93%
1,140,000 Kazakhstan Astana
92%
1,140,000 Georgia Tbilisi
92%
592,000 Lithuania Vilnius
92%
1,230,000 Azerbaijan Baku
90%
1,080,000 Armenia Yerevan
90%
1,920,000 Kazakhstan Almaty
85%
1,010,000 Ukraine Odesa
85%
438,000 Estonia Tallinn
85%
1,420,000 Ukraine Kharkiv
83%
902,000 Ukraine Donetsk
82%
1,030,000 Turkmenistan Ashgabat
80%
636,000 Moldova Chişinău
80%
717,000 Ukraine Lviv
80%
969,000 Ukraine Dnipro
75%
846,000 Tajikistan Dushanbe
73%
485,000 Ukraine Sevastopol
63%
304,000 Lithuania Kaunas
62%
398,000 Ukraine Luhansk
60%
426,000 Ukraine Mariupol
58%
342,000 Belarus Brest
57%
509,000 Uzbekistan Samarkand
48%
710,000 Ukraine Zaporizhzhia
47%
279,000 Ukraine Kherson
43%
157,000 Moldova Tiraspol
42%
166,000 Georgia Batumi
40%
359,000 Belarus Vitebsk
37%
341,000 Ukraine Simferopol
35%
238,000 Ukraine Ivano-Frankivsk
33%
159,000 Lithuania Klaipėda
33%
604,000 Ukraine Kryvyi Rih
33%
280,000 Ukraine Poltava
33%
256,000 Ukraine Sumy
33%
283,000 Ukraine Chernihiv
32%
359,000 Belarus Grodno
32%
470,000 Ukraine Mykolaiv
32%
1,040,000 Kazakhstan Shymkent
30%
328,000 Azerbaijan Ganja
27%
501,000 Kazakhstan Aktobe
23%
264,000 Ukraine Chernivtsi
23%
498,000 Kazakhstan Karaganda
23%
167,000 Turkmenistan Mary
23%
353,000 Belarus Mogilev
23%
262,000 Ukraine Zhytomyr
23%
273,000 Uzbekistan Bukhara
20%
155,000 Ukraine Kerch
20%
216,000 Ukraine Lutsk
20%
339,000 Ukraine Makiivka
20%
272,000 Kazakhstan Atyrau
18%
270,000 Ukraine Cherkasy
18%
138,000 Georgia Kutaisi
18%
244,000 Ukraine Rivne
18%
370,000 Ukraine Vinnytsia
18%
274,000 Ukraine Khmelnytskyi
17%
149,000 Ukraine Melitopol
17%
476,000 Uzbekistan Namangan
17%
309,000 Kazakhstan Oral
17%
344,000 Kazakhstan Pavlodar
17%
219,000 Kazakhstan Petropavl
17%
404,000 Uzbekistan Andijan
15%
333,000 Kazakhstan Oskemen
15%
189,000 Kazakhstan Aktau
13%
265,000 Uzbekistan Fargona
13%
502,000 Belarus Homyel
13%
240,000 Ukraine Horlivka
13%
225,000 Ukraine Ternopil
13%
231,000 Turkmenistan Turkmenabat
13%
207,000 Ukraine Bila Tserkva
12%
147,000 Ukraine Kramatorsk
12%
215,000 Ukraine Kremenchuk
12%
295,000 Uzbekistan Nukus
12%
209,000 Belarus Babruysk
10%
298,000 Azerbaijan Sumqayit
10%
358,000 Kazakhstan Taraz
10%
136,000 Belarus Barysaw
8%
280,000 Kazakhstan Kyzylorda
8%
137,000 Uzbekistan Urgench
8%
227,000 Ukraine Kamianske
7%
182,000 Tajikistan Khujand
7%
328,000 Kazakhstan Semey
7%
172,000 Belarus Baranovichi
5%
201,000 Turkmenistan Dasoguz
5%
220,000 Ukraine Kropyvnytskyi
5%
172,000 Kazakhstan Turkistan
5%
163,000 Uzbekistan Jizzakh
3%
149,000 Kazakhstan Kokshetau
3%
248,000 Kazakhstan Kostanay
3%
215,000 Uzbekistan Margilon
3%
136,000 Uzbekistan Termiz
3%
175,000 Uzbekistan Angren
2%
143,000 Kazakhstan Ekibastuz
2%
134,000 Uzbekistan Navoiy
2%
255,000 Uzbekistan Qarshi
2%
149,000 Uzbekistan Chirchiq
0%
234,000 Uzbekistan Quqon
0%
146,000 Kazakhstan Taldykorgan
0%
186,000 Kazakhstan Temirtay
0%
No matching quizzes found
Score Distribution
Percent of People with Each Score
Percentile by Number Answered
Your Score History
You have not taken this quiz